000 00506nam a2200133Ia 4500
008 220217s9999 xx 000 0 und d
100 _aVandana Viswanathan
245 0 _aDevelopment of antagonistic endophytic bacteria as potential biocontrol agents against Corynespora leaf fall disease of rubber (Hevea brasiliensis)
260 _bKannur University
_aKannur
_c2009
500 _aAvailable in Pathology
500 _aCourse: M.Sc.
700 _aDr Shaji Philip and Dr Kochuthresiamma Joseph
942 _cTS
999 _c74441
_d74441